| 000 | 00346nam a2200133 i 4500 | ||
|---|---|---|---|
| 001 | bg | ||
| 100 | 1 | _aŚNIADKOWSKI, Z. | |
| 245 | 0 |
_aMaszyny do zagęszczania podłoża. Maszyny do robót ziemnych. / _cZ. Śniadkowski. |
|
| 260 |
_aWarszawa, _c1987. |
||
| 040 | _cBPK | ||
| 041 | _apol | ||
| 942 | _cKS | ||
| 008 | s pl f |000 0 pol | ||
| 999 |
_c5018 _d5018 |
||
| 856 |
_uhttp://koha.tu.koszalin.pl/cgi-bin/koha/opac-detail.pl?biblionumber=5018 _yKatalog online BPK |
||